[Event "ODJM B 2018"]
[Site "Willingen GER"]
[Date "2018.05.24"]
[Round "7"]
[White "Grunert, Wilhelm"]
[Black "Wieber, Dominik"]
[Result "1-0"]
[Termination "normal"]
[Board "9"]
[WhiteElo "1607"]
[BlackElo "1790"]
[WhiteClock "01:06:37"]
[BlackClock "00:07:16"]
[PlyCount "67"]
[WhiteFideId "12995673"]
[BlackFideId "24699012"]
[EventCountry "GER"]
[EventRounds "9"]
[EventType "swiss"]
[EventDate "2018.05.19"]

1. e4 {[%clk 1:30:57]} 1... e5 {[%clk 1:30:56]} 2. Nf3 {[%clk 1:31:18]} 2...
Nc6 {[%clk 1:31:19]} 3. Bb5 {[%clk 1:31:31]} 3... Nf6 {[%clk 1:28:29]} 4. O-O {
[%clk 1:31:54]} 4... d6 {[%clk 1:28:57]} 5. d4 {[%clk 1:31:45]} 5... exd4 {
[%clk 1:29:20]} 6. Nxd4 {[%clk 1:32:04]} 6... Bd7 {[%clk 1:29:45]} 7. Bxc6 {
[%clk 1:32:20]} 7... bxc6 {[%clk 1:30:09]} 8. Re1 {[%clk 1:32:37]} 8... Be7 {
[%clk 1:30:22]} 9. Nc3 {[%clk 1:32:44]} 9... O-O {[%clk 1:30:30]} 10. Bf4 {
[%clk 1:33:09]} 10... c5 {[%clk 1:30:23]} 11. Nb3 {[%clk 1:32:48]} 11... Be6 {
[%clk 1:26:09]} 12. Nd5 {[%clk 1:32:18]} 12... Nxd5 {[%clk 1:17:44]} 13. exd5 {
[%clk 1:32:36]} 13... Bf5 {[%clk 1:13:48]} 14. Na5 {[%clk 1:32:26]} 14... Bf6 {
[%clk 1:13:38]} 15. Nc6 {[%clk 1:30:33]} 15... Qd7 {[%clk 1:13:13]} 16. c3 {
[%clk 1:30:44]} 16... g5 {[%clk 1:07:12]} 17. Bd2 {[%clk 1:30:35]} 17... Rfe8 {
[%clk 1:06:19]} 18. Rxe8+ {[%clk 1:29:24]} 18... Qxe8 {[%clk 1:05:37]} 19. Qh5
{[%clk 1:28:59]} 19... Bg6 {[%clk 1:03:43]} 20. Qh6 {[%clk 1:28:46]} 20... Qe2
{[%clk 0:56:55]} 21. Bxg5 {[%clk 1:28:06]} 21... Re8 {[%clk 0:52:58]} 22. h3 {
[%clk 1:24:44]} 22... Bg7 {[%clk 0:46:17]} 23. Qh4 {[%clk 1:24:51]} 23... Qxb2
{[%clk 0:43:51]} 24. Rc1 {[%clk 1:24:27]} 24... f6 {[%clk 0:42:17]} 25. Bh6 {
[%clk 1:24:09]} 25... Qxa2 {[%clk 0:41:28]} 26. f4 {[%clk 1:21:48]} 26... Qxd5
{[%clk 0:40:36]} 27. Bxg7 {[%clk 1:21:28]} 27... Kxg7 {[%clk 0:40:54]} 28. Na5
{[%clk 1:21:21]} 28... c4 {[%clk 0:38:44]} 29. Ra1 29... Re3 {[%clk 0:34:44]}
30. f5 {[%clk 1:16:35]} 30... Bxf5 {[%clk 0:31:47]} 31. Nxc4 {[%clk 1:16:32]}
31... Rxc3 {[%clk 0:31:06]} 32. Re1 {[%clk 1:07:42]} 32... Bxh3 {[%clk 0:07:15]
} 33. Re7+ {[%clk 1:06:24]} 33... Kg8 {[%clk 0:07:16]} 34. Qxh7+ { [%clk
1:06:37]} 1-0

[Event "ODJM B 2018"]
[Site "Willingen GER"]
[Date "2018.05.24"]
[Round "7"]
[White "Weimert, Miriam"]
[Black "Kovac, Linda"]
[Result "1/2-1/2"]
[Termination "normal"]
[Board "10"]
[WhiteElo "1797"]
[BlackElo "1629"]
[WhiteClock "00:31:46"]
[BlackClock "00:50:29"]
[PlyCount "51"]
[WhiteFideId "12966703"]
[BlackFideId "12938815"]
[EventCountry "GER"]
[EventRounds "9"]
[EventType "swiss"]
[EventDate "2018.05.19"]

1. e4 {[%clk 1:30:58]} 1... c5 {[%clk 1:30:50]} 2. d4 {[%clk 1:31:14]} 2...
cxd4 {[%clk 1:30:31]} 3. c3 {[%clk 1:28:53]} 3... dxc3 {[%clk 1:30:30]} 4. Nxc3
{[%clk 1:29:12]} 4... Nc6 {[%clk 1:30:41]} 5. Nf3 {[%clk 1:27:01]} 5... e6 {
[%clk 1:28:50]} 6. Bc4 {[%clk 1:26:39]} 6... a6 {[%clk 1:28:54]} 7. O-O { [%clk
1:26:02]} 7... Nge7 {[%clk 1:28:38]} 8. Bg5 {[%clk 1:25:00]} 8... f6 { [%clk
1:26:47]} 9. Be3 {[%clk 1:23:39]} 9... b5 {[%clk 1:26:35]} 10. Bb3 { [%clk
1:23:31]} 10... Na5 {[%clk 1:26:34]} 11. Bxe6 {[%clk 1:19:01]} 11... dxe6
{[%clk 1:26:57]} 12. Qxd8+ {[%clk 1:19:24]} 12... Kxd8 {[%clk 1:27:22]} 13.
Bb6+ {[%clk 1:19:49]} 13... Ke8 {[%clk 1:27:44]} 14. Bxa5 {[%clk 1:20:12]}
14... Nc6 {[%clk 1:27:53]} 15. Bb6 {[%clk 1:17:22]} 15... Rb8 {[%clk 1:27:28]}
16. Be3 {[%clk 1:15:30]} 16... Be7 {[%clk 1:26:59]} 17. Rac1 {[%clk 1:11:24]}
17... Bb7 {[%clk 1:25:17]} 18. Rfd1 {[%clk 1:09:02]} 18... Kf7 {[%clk 1:24:20]}
19. Rd7 {[%clk 1:05:36]} 19... Rhd8 {[%clk 1:18:50]} 20. Rcd1 {[%clk 1:01:39]}
20... Ke8 {[%clk 1:16:02]} 21. R7d2 {[%clk 0:50:25]} 21... Rxd2 {[%clk 1:09:16]
} 22. Rxd2 {[%clk 0:49:22]} 22... Rd8 {[%clk 1:05:28]} 23. Kf1 {[%clk 0:47:58]}
23... Rxd2 {[%clk 1:02:10]} 24. Nxd2 {[%clk 0:46:08]} 24... Ne5 {[%clk 0:58:42]
} 25. f3 {[%clk 0:37:04]} 25... Nd3 {[%clk 0:50:29]} 26. Nd1 {[%clk 0:31:46]}
1/2-1/2

[Event "ODJM B 2018"]
[Site "Willingen GER"]
[Date "2018.05.24"]
[Round "7"]
[White "Bilecen, Simon"]
[Black "Arnold, Leander"]
[Result "1/2-1/2"]
[Termination "normal"]
[Board "11"]
[WhiteElo "1580"]
[BlackElo "1808"]
[WhiteClock "00:35:31"]
[BlackClock "00:04:26"]
[PlyCount "62"]
[WhiteFideId "16225511"]
[BlackFideId "12990230"]
[EventCountry "GER"]
[EventRounds "9"]
[EventType "swiss"]
[EventDate "2018.05.19"]

1. d4 {[%clk 1:30:54]} 1... Nf6 {[%clk 1:30:26]} 2. Bf4 {[%clk 1:31:11]} 2...
d5 {[%clk 1:30:44]} 3. e3 {[%clk 1:31:29]} 3... c5 {[%clk 1:31:09]} 4. c3 {
[%clk 1:31:33]} 4... Nc6 {[%clk 1:30:51]} 5. Nd2 {[%clk 1:31:57]} 5... cxd4 {
[%clk 1:09:55]} 6. exd4 {[%clk 1:31:18]} 6... Bf5 {[%clk 1:08:30]} 7. Ngf3 {
[%clk 1:29:58]} 7... e6 {[%clk 1:02:33]} 8. Qb3 {[%clk 1:21:12]} 8... Qc8 {
[%clk 0:40:14]} 9. Nh4 {[%clk 1:14:13]} 9... Bg6 {[%clk 0:35:27]} 10. Nxg6 {
[%clk 1:13:48]} 10... hxg6 {[%clk 0:35:50]} 11. h3 {[%clk 1:13:03]} 11... Be7 {
[%clk 0:31:47]} 12. Bd3 {[%clk 1:12:10]} 12... a6 {[%clk 0:24:01]} 13. O-O {
[%clk 1:11:32]} 13... Nh5 {[%clk 0:20:26]} 14. Bh2 {[%clk 1:10:39]} 14... g5 {
[%clk 0:19:13]} 15. f4 {[%clk 0:46:51]} 15... Nxf4 {[%clk 0:18:39]} 16. Bxf4 {
[%clk 0:46:43]} 16... gxf4 {[%clk 0:19:03]} 17. Rxf4 {[%clk 0:47:10]} 17... Bg5
{[%clk 0:19:23]} 18. Rf2 {[%clk 0:40:54]} 18... Be3 {[%clk 0:19:24]} 19. Re1 {
[%clk 0:41:17]} 19... Bxf2+ {[%clk 0:19:21]} 20. Kxf2 {[%clk 0:41:45]} 20...
Qd7 {[%clk 0:17:58]} 21. Qd1 {[%clk 0:39:53]} 21... Na5 {[%clk 0:15:55]} 22.
Qg4 {[%clk 0:39:26]} 22... O-O-O {[%clk 0:13:16]} 23. Qxg7 {[%clk 0:38:12]}
23... Rdg8 {[%clk 0:13:12]} 24. Qf6 {[%clk 0:38:12]} 24... Qd8 {[%clk 0:12:46]}
25. Qxd8+ {[%clk 0:35:23]} 25... Kxd8 {[%clk 0:12:53]} 26. b4 {[%clk 0:35:20]}
26... Nc6 {[%clk 0:12:09]} 27. Nb3 {[%clk 0:35:47]} 27... Rg7 {[%clk 0:11:28]}
28. Nc5 {[%clk 0:36:12]} 28... Kc8 {[%clk 0:11:02]} 29. a4 {[%clk 0:34:33]}
29... Rhg8 {[%clk 0:08:23]} 30. g4 {[%clk 0:35:02]} 30... Rh8 {[%clk 0:08:24]}
31. Kg3 {[%clk 0:35:31]} 31... Re8 {[%clk 0:04:26]} 1/2-1/2

[Event "ODJM B 2018"]
[Site "Willingen GER"]
[Date "2018.05.24"]
[Round "7"]
[White "Jenner, Meikel"]
[Black "Oberhofer, Marie"]
[Result "0-1"]
[Termination "normal"]
[Board "12"]
[WhiteElo "1679"]
[BlackElo "1751"]
[WhiteClock "00:35:37"]
[BlackClock "00:13:21"]
[PlyCount "110"]
[WhiteFideId "16245342"]
[BlackFideId "12938165"]
[EventCountry "GER"]
[EventRounds "9"]
[EventType "swiss"]
[EventDate "2018.05.19"]

1. e4 {[%clk 1:30:58]} 1... c5 {[%clk 1:30:56]} 2. d4 {[%clk 1:31:25]} 2...
cxd4 {[%clk 1:31:23]} 3. c3 {[%clk 1:31:51]} 3... dxc3 {[%clk 1:31:48]} 4. Nxc3
{[%clk 1:32:18]} 4... d6 {[%clk 1:32:12]} 5. Nf3 {[%clk 1:32:40]} 5... Nc6 {
[%clk 1:32:36]} 6. Bc4 {[%clk 1:32:55]} 6... e6 {[%clk 1:32:59]} 7. O-O { [%clk
1:33:17]} 7... Nf6 {[%clk 1:33:22]} 8. Qe2 {[%clk 1:32:48]} 8... Be7 { [%clk
1:33:43]} 9. Rd1 {[%clk 1:32:55]} 9... e5 {[%clk 1:33:55]} 10. Be3 { [%clk
1:28:38]} 10... O-O {[%clk 1:29:22]} 11. h3 {[%clk 1:27:54]} 11... h6 { [%clk
1:24:50]} 12. Rac1 {[%clk 1:26:30]} 12... Be6 {[%clk 1:22:54]} 13. Bxe6 { [%clk
1:20:36]} 13... fxe6 {[%clk 1:23:07]} 14. Qc4 {[%clk 1:20:49]} 14... Qd7 {[%clk
1:23:11]} 15. Nh4 {[%clk 1:16:27]} 15... Ng4 {[%clk 1:03:13]} 16. Ng6 { [%clk
1:08:15]} 16... Nxe3 {[%clk 0:57:40]} 17. Nxf8 {[%clk 1:07:54]} 17... Nxc4
{[%clk 0:55:54]} 18. Nxd7 {[%clk 1:08:18]} 18... Rd8 {[%clk 0:55:48]} 19. Na4
{[%clk 1:01:31]} 19... b5 {[%clk 0:52:55]} 20. b3 {[%clk 0:53:33]} 20... Nd4
{[%clk 0:44:40]} 21. Nc3 {[%clk 0:47:45]} 21... b4 {[%clk 0:39:39]} 22. Nxe5
{[%clk 0:46:23]} 22... dxe5 {[%clk 0:39:29]} 23. bxc4 {[%clk 0:46:25]} 23...
bxc3 {[%clk 0:39:51]} 24. Kf1 {[%clk 0:44:30]} 24... c2 {[%clk 0:37:34]} 25.
Rd2 {[%clk 0:43:52]} 25... Bg5 {[%clk 0:34:13]} 26. Rdxc2 {[%clk 0:42:19]}
26... Nxc2 {[%clk 0:33:47]} 27. Rxc2 {[%clk 0:42:40]} 27... Rd2 {[%clk 0:32:00]
} 28. Rc3 {[%clk 0:41:25]} 28... Rxa2 {[%clk 0:30:45]} 29. c5 {[%clk 0:41:27]}
29... Bd8 {[%clk 0:28:58]} 30. Rb3 {[%clk 0:40:06]} 30... Kh7 {[%clk 0:22:10]}
31. Rb7 {[%clk 0:37:17]} 31... a5 {[%clk 0:13:00]} 32. Rd7 {[%clk 0:36:31]}
32... Bg5 {[%clk 0:13:16]} 33. Ra7 {[%clk 0:36:03]} 33... Bd2 {[%clk 0:11:44]}
34. c6 {[%clk 0:34:23]} 34... Rc2 {[%clk 0:11:05]} 35. c7 {[%clk 0:34:22]}
35... Bb4 {[%clk 0:07:50]} 36. g3 {[%clk 0:33:19]} 36... Rc1+ {[%clk 0:06:24]}
37. Ke2 {[%clk 0:32:23]} 37... Bd6 {[%clk 0:01:22]} 38. Rxa5 {[%clk 0:31:09]}
38... Rxc7 {[%clk 0:01:36]} 39. Ra2 {[%clk 0:30:15]} 39... Rc4 {[%clk 0:01:43]}
40. Kf3 {[%clk 0:28:41]} 40... Rd4 {[%clk 0:01:12]} 41. Re2 {[%clk 0:26:09]}
41... Bb4 {[%clk 0:29:22]} 42. Ke3 {[%clk 0:56:18]} 42... Bc5 {[%clk 0:28:13]}
43. Kf3 {[%clk 0:55:56]} 43... Rd3+ {[%clk 0:28:12]} 44. Kg2 {[%clk 0:55:15]}
44... Bb4 {[%clk 0:28:12]} 45. Rb2 {[%clk 0:54:43]} 45... Bc5 {[%clk 0:23:41]}
46. Rc2 {[%clk 0:50:25]} 46... Bd4 {[%clk 0:23:54]} 47. Rc1 {[%clk 0:49:18]}
47... Rd2 {[%clk 0:22:52]} 48. Rf1 {[%clk 0:48:00]} 48... Kg6 {[%clk 0:21:41]}
49. g4 {[%clk 0:47:42]} 49... Kg5 {[%clk 0:19:44]} 50. Kg3 {[%clk 0:47:29]}
50... Rd3+ {[%clk 0:14:34]} 51. f3 {[%clk 0:46:57]} 51... Be3 {[%clk 0:13:33]}
52. h4+ {[%clk 0:43:47]} 52... Kf6 {[%clk 0:13:39]} 53. h5 {[%clk 0:38:58]}
53... Rd2 {[%clk 0:13:41]} 54. Rh1 {[%clk 0:36:25]} 54... Bf4+ {[%clk 0:13:41]}
55. Kh3 {[%clk 0:35:37]} 55... Kg5 {[%clk 0:13:21]} 0-1

[Event "ODJM B 2018"]
[Site "Willingen GER"]
[Date "2018.05.24"]
[Round "7"]
[White "Thumm, Niklas"]
[Black "Knerr, Sebastian"]
[Result "1-0"]
[Termination "normal"]
[Board "13"]
[WhiteElo "1781"]
[BlackElo "1742"]
[PlyCount "53"]
[WhiteFideId "12918733"]
[BlackFideId "16266013"]
[EventCountry "GER"]
[EventRounds "9"]
[EventType "swiss"]
[EventDate "2018.05.19"]

1. Nc3 d5 2. e4 dxe4 3. Nxe4 Bf5 4. Ng3 Bg6 5. Nf3 Nf6 6. d4 e6 7. c3 Be7 8.
Ne5 c6 9. h4 Nfd7 10. Nxd7 Nxd7 11. h5 Bf5 12. Nxf5 exf5 13. Bc4 Nb6 14. Bb3
Qd7 15. Qf3 O-O-O 16. Bxf7 Bd6 17. Bb3 Rhe8+ 18. Kd1 c5 19. Bc2 g6 20. hxg6
hxg6 21. Bg5 Be7 22. Be3 cxd4 23. Bxd4 Bc5 24. Kc1 Bxd4 25. Rd1 Qg7 26. cxd4
Rxd4 27. Qc3+ 1-0

[Event "ODJM B 2018"]
[Site "Willingen GER"]
[Date "2018.05.24"]
[Round "7"]
[White "Strack, Patrick"]
[Black "Stork, Christopher"]
[Result "1-0"]
[Termination "normal"]
[Board "14"]
[WhiteElo "1742"]
[BlackElo "1715"]
[PlyCount "73"]
[WhiteFideId "16266021"]
[BlackFideId "16215400"]
[EventCountry "GER"]
[EventRounds "9"]
[EventType "swiss"]
[EventDate "2018.05.19"]

1. d4 d5 2. c4 e6 3. Nc3 Nf6 4. Nf3 Be7 5. Bf4 O-O 6. e3 c6 7. Qc2 Nbd7 8. cxd5
exd5 9. Bd3 Re8 10. O-O Nf8 11. Ne5 Nh5 12. Bg3 Nxg3 13. hxg3 Bf6 14. Nf3 Ng6
15. Kh2 Qd6 16. Rh1 Bg4 17. Kg1 Bxf3 18. gxf3 b6 19. Rh5 Rac8 20. Kg2 Be7 21.
f4 h6 22. Rah1 Nf8 23. g4 Ng6 24. Ne2 c5 25. Bf5 Rc7 26. Qb1 Nh4+ 27. R5xh4
Bxh4 28. Rxh4 g6 29. Rxh6 Qf8 30. Qh1 Qg7 31. Bd3 cxd4 32. Nxd4 f5 33. g5 Rce7
34. Bxf5 gxf5 35. Nxf5 Qxb2 36. Rg6+ Kf8 37. Qh6+ 1-0

[Event "ODJM B 2018"]
[Site "Willingen GER"]
[Date "2018.05.24"]
[Round "7"]
[White "Werner, Tom"]
[Black "Fromm, Johannes"]
[Result "1-0"]
[Termination "normal"]
[Board "15"]
[WhiteElo "1615"]
[BlackElo "1705"]
[PlyCount "93"]
[WhiteFideId "16223756"]
[BlackFideId "12993204"]
[EventCountry "GER"]
[EventRounds "9"]
[EventType "swiss"]
[EventDate "2018.05.19"]

1. c4 Nf6 2. g3 d5 3. cxd5 Nxd5 4. Nc3 e5 5. d4 Bb4 6. Bd2 exd4 7. Nxd5 Qxd5 8.
Nf3 Bd6 9. Bg2 O-O 10. O-O Nc6 11. Bc3 Qb5 12. Nxd4 Nxd4 13. Qxd4 Qg5 14. Rad1
Bg4 15. h4 Qg6 16. Be4 Qh6 17. Bxh7+ Qxh7 18. Qxg4 Rae8 19. Rd5 Re4 20. Qf3 Re6
21. Rg5 f6 22. Rg4 b6 23. Qd5 Kf7 24. h5 Ke7 25. e4 Rd8 26. Qf5 Qh8 27. Qg6 Kf8
28. Kg2 Be5 29. Bxe5 Rxe5 30. Rh1 Rd7 31. h6 c5 32. h7 Rf7 33. f4 Re8 34. Kf3
f5 35. Qd6+ Rfe7 36. exf5 Kf7 37. Qd5+ Kf8 38. Rg6 Re3+ 39. Kg4 Ke7 40. Re6+
Rxe6 41. Qxe6+ Kf8 42. Qd7 Re7 43. Qd6 Kf7 44. Qg6+ Kf8 45. Rd1 Re8 46. Rd7 Re2
47. Qf7# 1-0

[Event "ODJM B 2018"]
[Site "Willingen GER"]
[Date "2018.05.24"]
[Round "7"]
[White "Reuter, Julian-Frank"]
[Black "Celik, Cem"]
[Result "1-0"]
[Termination "normal"]
[Board "16"]
[WhiteElo "1652"]
[BlackElo "1800"]
[PlyCount "50"]
[WhiteFideId "16256182"]
[BlackFideId "16206673"]
[EventCountry "GER"]
[EventRounds "9"]
[EventType "swiss"]
[EventDate "2018.05.19"]

1. e4 Nc6 2. Nf3 f5 3. exf5 d5 4. d4 Bxf5 5. Bb5 Nf6 6. Nc3 e6 7. Ne5 Nd7 8.
Nxc6 bxc6 9. Bxc6 Rb8 10. O-O Bd6 11. Qh5+ Bg6 12. Qe2 Kf7 13. f4 Nf6 14. g4
Rb6 15. Ba4 Rf8 16. f5 exf5 17. gxf5 Bxf5 18. Rxf5 Kg8 19. Nxd5 Nxd5 20. Qe6+
Kh8 21. Qxd5 Rxf5 22. Qxf5 Bxh2+ 23. Kh1 Bg3 24. Qe4 Qh4+ 25. Qxh4 Bxh4 1-0

[Event "ODJM B 2018"]
[Site "Willingen GER"]
[Date "2018.05.24"]
[Round "7"]
[White "Noever, Niklas"]
[Black "Alferova, Ekaterina"]
[Result "1/2-1/2"]
[Termination "normal"]
[Board "17"]
[WhiteElo "1707"]
[BlackElo "1600"]
[PlyCount "42"]
[WhiteFideId "12988642"]
[BlackFideId "16217250"]
[EventCountry "GER"]
[EventRounds "9"]
[EventType "swiss"]
[EventDate "2018.05.19"]

1. e4 c6 2. d4 d5 3. Nc3 dxe4 4. Nxe4 Nf6 5. Ng3 Bg4 6. Be2 Bxe2 7. N1xe2 e6 8.
O-O Bd6 9. Bf4 O-O 10. c3 Qc7 11. Bxd6 Qxd6 12. Nc1 Nbd7 13. Nd3 Rad8 14. Qc2
Rfe8 15. Rfe1 e5 16. dxe5 Nxe5 17. Nxe5 Rxe5 18. Rxe5 Qxe5 19. Rd1 Re8 20. Qf5
Qc7 21. Nh5 Nxh5 1/2-1/2

[Event "ODJM B 2018"]
[Site "Willingen GER"]
[Date "2018.05.24"]
[Round "7"]
[White "Zieringer, Sebastian"]
[Black "Cozzuto, Alessandro"]
[Result "1-0"]
[Termination "normal"]
[Board "18"]
[WhiteElo "1751"]
[BlackElo "1531"]
[PlyCount "41"]
[WhiteFideId "16222008"]
[BlackFideId "12990744"]
[EventCountry "GER"]
[EventRounds "9"]
[EventType "swiss"]
[EventDate "2018.05.19"]

1. e4 c5 2. d4 cxd4 3. c3 dxc3 4. Nxc3 Nc6 5. Nf3 d6 6. Bc4 a6 7. O-O Nf6 8.
Bf4 Bg4 9. h3 Bxf3 10. Qxf3 e6 11. Rfd1 Qc7 12. Rac1 Qb8 13. Be2 Ne5 14. Bxe5
dxe5 15. Nb5 axb5 16. Bxb5+ Ke7 17. g4 g5 18. Qc3 Nxe4 19. Rd7+ Kf6 20. Qf3+
Kg7 21. Qxf7+ 1-0

[Event "ODJM B 2018"]
[Site "Willingen GER"]
[Date "2018.05.24"]
[Round "7"]
[White "von Rosen, Jakob"]
[Black "Matthes, Benjamin"]
[Result "1-0"]
[Termination "normal"]
[Board "19"]
[WhiteElo "1700"]
[BlackElo "1829"]
[PlyCount "147"]
[WhiteFideId "12982989"]
[BlackFideId "16227298"]
[EventCountry "GER"]
[EventRounds "9"]
[EventType "swiss"]
[EventDate "2018.05.19"]

1. e4 c5 2. Nf3 Nc6 3. d4 cxd4 4. Nxd4 Nf6 5. Nc3 d6 6. f3 e5 7. Nb3 Be6 8. Bg5
Be7 9. Bxf6 Bxf6 10. Be2 Qd7 11. Qd2 a5 12. O-O-O a4 13. Na1 Nd4 14. Nd5 Nxe2+
15. Qxe2 Bxd5 16. Rxd5 O-O 17. Qd2 Rfd8 18. Kb1 b5 19. c3 Be7 20. g4 Rac8 21.
Nc2 Rc5 22. Nb4 Qc8 23. a3 g6 24. h4 Qe6 25. g5 f5 26. Rxc5 dxc5 27. Nd5 Bf8
28. Rd1 Kh8 29. Qe2 Qc6 30. Qh2 Qe6 31. h5 fxe4 32. fxe4 Qg4 33. Re1 Qxg5 34.
hxg6 Qxg6 35. Qxe5+ Bg7 36. Qc7 Qd6 37. Qxd6 Rxd6 38. Nc7 Rb6 39. e5 Rb7 40. e6
Rxc7 41. e7 Rxe7 42. Rxe7 Bf8 43. Re5 Kg7 44. Kc2 Kf6 45. Rd5 h6 46. b4 axb3+
47. Kxb3 Ke6 48. Rh5 Kd6 49. c4 Kc6 50. Rf5 Bg7 51. Rf7 Bd4 52. Re7 Kd6 53. Rh7
bxc4+ 54. Kxc4 Be3 55. a4 Bd2 56. Kd3 Bb4 {(=)} 57. Rxh6+ Kd5 58. Rh5+ Kc6 59.
Kc4 Kb6 60. Rh6+ Ka5 61. Rc6 Ba3 62. Kb3 Bb4 63. Re6 Bd2 {(=)} 64. Rf6 Be1 65.
Rg6 Bd2 66. Re6 Bb4 67. Rc6 Be1 68. Rxc5+ Kb6 69. Re5 Bd2 70. Re2 Bf4 71. Kc4
Bc7 72. Re6+ Ka5 73. Re8 Bb6 74. Ra8+ 1-0

[Event "ODJM B 2018"]
[Site "Willingen GER"]
[Date "2018.05.24"]
[Round "7"]
[White "Uhlendorff, Luca"]
[Black "Thorz, Maximilian"]
[Result "0-1"]
[Termination "normal"]
[Board "20"]
[WhiteElo "1590"]
[BlackElo "1639"]
[PlyCount "84"]
[WhiteFideId "16221923"]
[BlackFideId "16220668"]
[EventCountry "GER"]
[EventRounds "9"]
[EventType "swiss"]
[EventDate "2018.05.19"]

1. d4 Nf6 2. Nf3 b6 3. Bf4 Bb7 4. e3 e6 5. Nbd2 c5 6. c3 Nc6 7. Bd3 Be7 8. a4
Nh5 9. Bg3 Nxg3 10. hxg3 h6 11. g4 Qb8 12. g5 e5 13. g6 cxd4 14. gxf7+ Kxf7 15.
Qb3+ Ke8 16. exd4 exd4 17. cxd4 Qf4 18. O-O-O Na5 19. Qb5 Rc8+ 20. Kb1 Bc6 21.
Qh5+ Kd8 22. Ne5 Qxd4 23. Ndf3 Qxa4 24. Bc2 Qxc2+ 25. Kxc2 Bxf3+ 26. Kb1 Bxh5
27. Rxh5 d6 28. Nf7+ Kd7 29. Rhd5 Ke6 30. Nxh8 Rxh8 31. R5d2 Rf8 32. Rc2 Bf6
33. Rc7 Be5 34. Rd2 Rf7 35. Rdc2 Rd7 36. Ka2 d5 37. Rc8 Nc4 38. Re2 Kd6 39. g3
Nxb2 40. f4 Bf6 41. f5 Be5 42. Re8 Nc4 0-1

[Event "ODJM B 2018"]
[Site "Willingen GER"]
[Date "2018.05.24"]
[Round "7"]
[White "Schneider, Edward"]
[Black "Tran, Minh Dat"]
[Result "1-0"]
[Termination "normal"]
[Board "21"]
[WhiteElo "1768"]
[BlackElo "1400"]
[PlyCount "61"]
[WhiteFideId "16200870"]
[BlackFideId "16244702"]
[EventCountry "GER"]
[EventRounds "9"]
[EventType "swiss"]
[EventDate "2018.05.19"]

1. e4 c5 2. Nf3 a6 3. c4 Nc6 4. d4 cxd4 5. Nxd4 g5 6. Nc3 Bg7 7. Be3 Nf6 8. f3
d6 9. Qd2 O-O 10. Be2 Bd7 11. O-O Qc7 12. Rac1 Rac8 13. Rfd1 Nxd4 14. Bxd4 Qb8
15. Bf1 Be6 16. b3 Rfd8 17. Qf2 Rc6 18. Bb6 Rdc8 19. Nd5 Kf8 20. Nb4 Rxb6 21.
Qxb6 Nd7 22. Qf2 Nc5 23. Nd3 Nxd3 24. Bxd3 b5 25. cxb5 axb5 26. Rxc8+ Bxc8 27.
Rc1 Bd7 28. b4 Qa8 29. Rc7 Ke8 30. Qb6 Qd8 31. Qb7 1-0

[Event "ODJM B 2018"]
[Site "Willingen GER"]
[Date "2018.05.24"]
[Round "7"]
[White "von Jan, Lena"]
[Black "Kublanov, Carolin"]
[Result "1/2-1/2"]
[Termination "normal"]
[Board "22"]
[WhiteElo "1480"]
[BlackElo "1750"]
[PlyCount "59"]
[WhiteFideId "12946060"]
[BlackFideId "12944548"]
[EventCountry "GER"]
[EventRounds "9"]
[EventType "swiss"]
[EventDate "2018.05.19"]

1. e4 g6 2. d4 Bg7 3. Nc3 d6 4. f4 a6 5. Nf3 b5 6. a3 Nd7 7. Be3 Bb7 8. Bd3 Rc8
9. Qd2 c5 10. d5 Ngf6 11. O-O Ng4 12. Bf2 Nxf2 13. Rxf2 O-O 14. Re1 Qc7 15. Kh1
Qb8 16. Nd1 c4 17. Bf1 Nf6 18. Rfe2 Rfe8 19. c3 e6 20. dxe6 Rxe6 21. Nf2 Rce8
22. Qc2 Qa8 23. Nd2 Bh6 24. g3 d5 25. Bg2 dxe4 26. Ndxe4 Kh8 27. Nxf6 Bxg2+ 28.
Kg1 R8e7 29. Rxe6 fxe6 30. N2g4 1/2-1/2

[Event "ODJM B 2018"]
[Site "Willingen GER"]
[Date "2018.05.24"]
[Round "7"]
[White "Hoppe, Nico"]
[Black "Fuchs, Florian"]
[Result "1/2-1/2"]
[Termination "normal"]
[Board "23"]
[WhiteElo "1612"]
[BlackElo "1661"]
[PlyCount "65"]
[WhiteFideId "16225520"]
[BlackFideId "16213351"]
[EventCountry "GER"]
[EventRounds "9"]
[EventType "swiss"]
[EventDate "2018.05.19"]

1. e4 c5 2. Nf3 d6 3. d4 cxd4 4. Nxd4 Nf6 5. Nc3 g6 6. Be3 Bg7 7. f3 O-O 8. Qd2
Nc6 9. O-O-O Bd7 10. g4 Rc8 11. Be2 Ne5 12. h4 h5 13. gxh5 Nxh5 14. Rdg1 Nc4
15. Bxc4 Rxc4 16. Rg5 Bf6 17. Rg2 Qa5 18. Kb1 Qe5 19. Nce2 Bg7 20. Rg5 Qf6 21.
Rd5 Be6 22. Bg5 Bh6 23. Bxh6 Bxd5 24. Bxf8 Bxe4 25. fxe4 Kxf8 26. Qa5 Rxd4 27.
Nxd4 Qxd4 28. Qd8+ Kg7 29. Qxe7 Ng3 30. Rc1 b5 31. a3 Nxe4 32. Qb7 Nd2+ 33. Ka1
1/2-1/2

[Event "ODJM B 2018"]
[Site "Willingen GER"]
[Date "2018.05.24"]
[Round "7"]
[White "Mainka, Irmin"]
[Black "Zha, Kevin"]
[Result "1-0"]
[Termination "normal"]
[Board "24"]
[WhiteElo "1415"]
[BlackElo "1596"]
[PlyCount "73"]
[WhiteFideId "16248457"]
[BlackFideId "16208951"]
[EventCountry "GER"]
[EventRounds "9"]
[EventType "swiss"]
[EventDate "2018.05.19"]

1. e4 g6 2. Nf3 Bg7 3. d4 d6 4. Nc3 Nf6 5. Be3 c6 6. h3 O-O 7. Bd3 Nbd7 8. Qd2
Qa5 9. O-O e5 10. Bh6 Qb4 11. Bxg7 Kxg7 12. dxe5 dxe5 13. Rab1 Rd8 14. Qg5 h6
15. Qe3 Qe7 16. Ne2 Nc5 17. Rfd1 b6 18. Ng3 Qc7 19. Bc4 Be6 20. b4 Bxc4 21.
bxc5 b5 22. a3 Nh7 23. Qc3 f6 24. Nh4 Rxd1+ 25. Rxd1 Rd8 26. Rd6 Rxd6 27. cxd6
Qd7 28. Qd2 Ng5 29. f4 exf4 30. Qxf4 Nf7 31. e5 Nxe5 32. Qe4 Bd5 33. Qd4 Nf7
34. Qd3 f5 35. Qd4+ Kg8 36. Nxg6 Qe6 37. Nxf5 1-0

[Event "ODJM B 2018"]
[Site "Willingen GER"]
[Date "2018.05.24"]
[Round "7"]
[White "Hoke, Joshua Sky"]
[Black "Leßmann, Sönke"]
[Result "0-1"]
[Termination "normal"]
[Board "25"]
[WhiteElo "1620"]
[BlackElo "1656"]
[PlyCount "102"]
[WhiteFideId "16218272"]
[BlackFideId "16222520"]
[EventCountry "GER"]
[EventRounds "9"]
[EventType "swiss"]
[EventDate "2018.05.19"]

1. e4 e5 2. Nf3 d6 3. d4 Nf6 4. dxe5 Nxe4 5. Be3 d5 6. Nbd2 Nxd2 7. Qxd2 Be7 8.
Be2 O-O 9. O-O c6 10. Ne1 f6 11. exf6 Bxf6 12. c3 Bf5 13. Bd3 Bxd3 14. Qxd3 Nd7
15. Nf3 Qc7 16. Rad1 Rad8 17. Ng5 Bxg5 18. Bxg5 Nf6 19. Rfe1 Rd7 20. Rd2 Ng4
21. Qg3 Qxg3 22. hxg3 h6 23. Be3 b6 24. f3 Nxe3 25. Rxe3 c5 26. Kf2 Kf7 27. b4
cxb4 28. cxb4 Rc8 29. Rd4 Rc2+ 30. Re2 Rc4 31. Red2 Rxd4 32. Rxd4 Ke6 33. Ke3
Rc7 34. Kd2 Rc4 35. Rh4 b5 36. a3 a6 37. Rh5 a5 38. Rh4 axb4 39. axb4 Kd6 40.
Kd3 Ke5 41. Rh5+ Ke6 42. Rh4 Rc1 43. Kd2 Rb1 44. Kc2 Rg1 45. Rh2 Ke5 46. Kc3
Rc1+ 47. Kb2 Rc4 48. Rh4 Rxh4 49. gxh4 Kd4 50. Kb3 Kd3 51. f4 h5 0-1